00330nam a2200133Ia 4500003000400000008004100004020002300045040000800068100001800076245005000094260002800144300001300172365001100185LDD181029s9999 xx 000 0 und d a8180300161c300.00 cLDD aDhawan, D. K. 0aProblems in solid state physicscD. K. Dhawan aNew DelhibCampusc2006 av, 163p. b300.00